Statistics for Top 100 Public Colleges & Universities

Click here to take the quiz!

General Stats

  • This quiz has been taken 450 times
  • The average score is 52 of 100

Answer Stats

RankInstitutionState% Correct
38University of California, Los AngelesCA
94%
33University of VirginiaVA
92%
20University of Michigan, Ann ArborMI
91%
70University of FloridaFL
88%
99University of GeorgiaGA
87%
45University of North Carolina, Chapel HillNC
87%
76University of Texas, AustinTX
87%
64University of Washington, SeattleWA
87%
63University of Maryland, College ParkMD
86%
191University of OregonOR
86%
146University of Colorado, BoulderCO
85%
130University of ConnecticutCT
83%
68University of Illinois, Urbana ChampaignIL
83%
218University of ArizonaAZ
82%
121Ohio State UniversityOH
80%
252University of Alabama, TuscaloosaAL
80%
13University of California, BerkeleyCA
80%
69University of Wisconsin, MadisonWI
80%
201University of South CarolinaSC
79%
117Pennsylvania State UniversityPA
78%
131Indiana University, BloomingtonIN
76%
160University of IowaIA
76%
65Georgia Institute of TechnologyGA
75%
188University of OklahomaOK
75%
108Virginia TechVA
75%
151Florida State UniversityFL
73%
159Michigan State UniversityMI
73%
98University of Minnesota, Twin CitiesMN
73%
186Arizona State UniversityAZ
72%
187University of UtahUT
72%
168University of VermontVT
72%
123Rutgers University, New BrunswickNJ
71%
155University of Massachusetts, AmherstMA
70%
224University of Tennessee, KnoxvilleTN
70%
260University of KansasKS
69%
219University of MissouriMO
69%
239University of Nebraska, LincolnNE
68%
212Louisiana State UniversityLA
67%
147University of DelawareDE
67%
84University of California, Santa BarbaraCA
66%
271University of ArkansasAR
65%
231Washington State UniversityWA
65%
211Iowa State UniversityIA
64%
79University of California, San DiegoCA
63%
223Colorado State University, Fort CollinsCO
62%
87University of California, IrvineCA
62%
246University of New HampshireNH
62%
103Texas A&M University, College StationTX
61%
144University of PittsburghPA
61%
139North Carolina State UniversityNC
60%
166Auburn UniversityAL
59%
261Oregon State UniversityOR
59%
88University of California, DavisCA
59%
134Clemson UniversitySC
57%
185Miami UniversityOH
56%
196University at Buffalo, SUNYNY
56%
118Purdue UniversityIN
55%
24United States Naval AcademyMD
55%
32United States Military AcademyNY
54%
242University of Central FloridaFL
54%
43United States Air Force AcademyCO
53%
47College of William and MaryVA
51%
181San Diego State UniversityCA
44%
290University at Albany, SUNYNY
43%
228University of South FloridaFL
43%
199University of California, RiversideCA
42%
183University of California, Santa CruzCA
39%
145University at Binghamton, SUNYNY
37%
136James Madison UniversityVA
34%
245Missouri University of Science & TechnologyMO
33%
176Stony Brook University, SUNYNY
33%
177George Mason UniversityVA
32%
268New Jersey Institute of TechnologyNJ
31%
94Colorado School of MinesCO
30%
262University of Maryland, Baltimore CountyMD
30%
299Temple UniversityPA
28%
295San Jose State UniversityCA
26%
272California State University, Long BeachCA
24%
205Virginia Military InstituteVA
23%
53United States Coast Guard AcademyCT
22%
279University of Illinois, ChicagoIL
22%
220The CitadelSC
19%
240University of Texas, DallasTX
18%
174CUNY Baruch CollegeNY
12%
115California Polytechnic State University, San Luis ObispoCA
11%
276Michigan Technological UniversityMI
11%
66United States Merchant Marine AcademyNY
11%
235SUNY GeneseoNY
10%
274CUNY Queens CollegeNY
9%
258Western Washington UniversityWA
9%
273California State Polytechnic University, PomonaCA
8%
267Christopher Newport UniversityVA
8%
149College of New JerseyNJ
8%
229Saint Mary's College of MarylandMD
7%
217College of Environmental Science & Forestry, SUNYNY
6%
204University of Mary WashingtonVA
6%
277New College of FloridaFL
5%
232Truman State UniversityMO
5%
284Massachusetts Maritime AcademyMA
3%
221University of Washington, BothellWA
3%

Score Distribution

Percentile by Number Answered

Percent of People with Each Score

Your Score History

You have not taken this quiz